New York (Record no. 38284)
[ view plain ]
| 000 -LEADER | |
|---|---|
| fixed length control field | 00397nam a2200145Ia 4500 |
| 022 ## - INTERNATIONAL STANDARD SERIAL NUMBER | |
| ISSN | TK 5103.7.I56/ |
| 050 ## - CALL MARK | |
| Classification number | Innovative Technology for Computer |
| 245 #0 - TITLE STATEMENT | |
| Title | New York |
| 260 ## - PUBLICATION, DISTRIBUTION, ETC. (IMPRINT) | |
| Name of publisher | 2007 |
| 260 ## - PUBLICATION, DISTRIBUTION, ETC. (IMPRINT) | |
| Year of publication | 124 p. :ill. ; 27 cm. |
| 300 ## - PHYSICAL DESCRIPTION | |
| Number of Pages | Integrated services digital networks--Europe--Congresses.i |
| 650 ## - SUBJECT ADDED ENTRY--TOPICAL TERM | |
| Topical Term | SR |
No items available.